00410nam a2200169Ia 4500003000400000005001700004008004100021040000700062041000800069082002100077100003100098245003400129260003700163365000800200650001400208650001800222OSt20230627112010.0210423s9999 xx 000 0 und d cAL aeng a305.4 223bTELI aTELLIS-NAYAK (Jessie B),Ed aIndian womanhood:then and now bSatya PrakashanaNew Delhic2021 cINR aSociology aWomen Studies